L'AIDS in Italia (1982-1996) : istituzioni, società, media /

Saved in:
Bibliografiske detaljer
Main Authors: Balestracci, Fiammetta (Author), Guidali, Fabio (Author), Landoni, Enrico, (1980- ) (Author)
Format: Bog
Sprog:italiensk
Udgivet: Ospedaletto, Pisa : Pacini, ©2022
Serier:Le ragioni di Clio ; 35
Fag:
Tags: Tilføj Tag
Ingen Tags, Vær først til at tagge denne postø!

MARC

LEADER 00000nam a22000007i 4500
001 IT\ICCU\USM\2036111
003 ItRI
005 20260115232211.0
008 221003s2022 it |||||| |||||0|||||c
020 |a 9791254860069 
040 |b ita  |c importazione bologna sebina 
041 7 |a ita  |2 ISO-639-2 
082 |a 616.9792  |9 MALATTIE DA DEFICIENZA IMMUNITARIA. SINDROME DA IMMUNODEFICIENZA ACQUISITA  |2 21 
100 1 |a Balestracci, Fiammetta  |0 IT\ICCU\TO0V\512434  |4 aut 
240 1 2 |a L'AIDS in Italia (1982-1996)  |3 IT\ICCU\PUV\3007059  |9 Balestracci, Fiammetta 
245 1 2 |a L'AIDS in Italia (1982-1996) :  |b istituzioni, società, media /  |c Fiammetta Balestracci, Fabio Guidali, Enrico Landoni. 
260 |a Ospedaletto, Pisa :  |b Pacini,  |c ©2022 
300 |a 230 p. ;  |c 22 cm 
650 7 |a Sindrome da immunodeficienza acquisita  |x Italia  |x 1982-1996 
700 1 |a Guidali, Fabio  |0 IT\ICCU\USMV\963113  |4 aut 
700 1 |a Landoni, Enrico,  |d  (1980- )  |0 IT\ICCU\CFIV\226905  |4 aut 
830 3 |a Le ragioni di Clio ;  |v 35  |0 IT\ICCU\CFI\0915384 
942 |2 ddc  |c BK  |n 0 
952 |0 0  |1 0  |4 0  |6 A_616_979000000000000_BAL  |7 0  |9 21864  |a BO  |b BO  |d 2026-01-15  |i 20874  |l 0  |o A 616.979 BAL  |p BO20874  |r 2026-01-15 23:22:11  |w 2026-01-15  |x [Sebina 5] [1 v.]  |y BK  |z 1 v. 
999 |c 18687  |d 18687